000 00290nam a22001217a 4500
008 160506b xxu||||| |||| 00| 0 eng d
020 _a9780683306392
020 _a0683306391
041 _aeng
080 _a61
245 _aBuzzworos for the boards:
_cBrent A. Reinheimer;
942 _2udc
_cBK
999 _c1857
_d1857